Giáo trình nhiệt động lực học và vật lý thống kê

保存先:
書誌詳細
第一著者: Vũ, Thanh Khiết
フォーマット: 図書
言語:Undetermined
出版事項: H. Đại học Quốc gia Hà Nội 2008
主題:
オンライン・アクセス:http://lrc.tdmu.edu.vn/opac/search/detail.asp?aID=2&ID=4067
タグ: タグ追加
タグなし, このレコードへの初めてのタグを付けませんか!
Thư viện lưu trữ: Trung tâm Học liệu Trường Đại học Thủ Dầu Một
LEADER 00710nam a2200193Ia 4500
001 TDMU_4067
008 210410s9999 xx 000 0 und d
082 |a 536 
090 |b V97 
100 |a Vũ, Thanh Khiết 
245 0 |a Giáo trình nhiệt động lực học và vật lý thống kê 
245 0 |c Vũ Thanh Khiết 
260 |a H. 
260 |b Đại học Quốc gia Hà Nội 
260 |c 2008 
300 |a 483tr. 
650 |a Nhiệt động lực học  |v Giáo trình; Vật lý thống kê  |v Giáo trình 
856 |u http://lrc.tdmu.edu.vn/opac/search/detail.asp?aID=2&ID=4067 
980 |a Trung tâm Học liệu Trường Đại học Thủ Dầu Một